00240nam a2200097Ia 4500008004100000082001200041100002000053245003500073260002200108600001200130241002s9999 xx 000 0 und d a973 KEI aKeith, W. Olson 3aAn outline of American History aWashington:c1985 aHistory